000 00619cam a22002415a 4500
001 59190
003 CO-BoRNBP
005 20250917225222.0
007 ta
008 001103s1995 mx a gr 000 0 spa
020 _a9681644190
020 _a0670841609
040 _aCO-BoBN
_bspa
_cCO-BoBN
100 1 _aSmith, Lane,
_d1959-
_962312
245 1 0 _aLentes, ¿quien los necesita? /
_cLane Smith
250 _a1a. ed.
300 _av. :
_bil. col. ;
_c24 cm
336 _2rdacontent
_atexto
_btxt
337 _2rdamedia
_asin mediación
_bn
338 _2rdacarrier
_avolumen
_bnc
650 _2LEMB
942 _2ddc
_cBK
999 _c59190
_d59190